[Event "Superettan(Vaxjo-Schack 08)"]
[Site "?"]
[Date "2017.10.20"]
[Round "1"]
[White "Schutz, Ingemar"]
[Black "Lekander, Rolf"]
[Result "1-0"]
[WhiteElo "2189"]
[BlackElo "2166"]
[PlyCount "97"]

1. e4 g6 2. Nc3 Bg7 3. f4 c6 4. Bc4 d6 5. Nf3 Nf6 6. e5 dxe5 7. fxe5 Nd5 8. d4
O-O 9. O-O a5 10. a4 Na6 11. Qe1 Nac7 12. Qh4 f6 13. Bh6 Ne6 14. Ne4 Rf7 15.
exf6 exf6 16. Bxg7 Nxg7 17. Ne5 Bf5 18. Nxf7 Kxf7 19. Rae1 h5 20. c3 b6 21. Qg3
Bxe4 22. Rxe4 Nf5 23. Qe1 Nd6 24. Bxd5+ cxd5 25. Re5 Nf5 26. Rexf5 gxf5 27.
Rxf5 Qd7 28. Qf2 Qe6 29. Rxh5 Re8 30. Rh7+ Kg6 31. Rb7 Qg4 32. Qg3 Qxg3 33.
hxg3 Re6 34. Kf2 Kf5 35. Kf3 Rc6 36. g4+ Kg6 37. Rd7 Rc4 38. Rxd5 Rxa4 39. Rb5
Ra2 40. Rxb6 a4 41. Kf4 a3 42. bxa3 Rxa3 43. Rc6 Ra5 44. c4 Kf7 45. Rc7+ Ke6
46. d5+ Kd6 47. Rc6+ Kd7 48. Rxf6 Rc5 49. Rc6 1-0

[Event "Superettan(Vaxjo-Schack 08)"]
[Site "?"]
[Date "2017.10.20"]
[Round "1"]
[White "Lindahl, Emil"]
[Black "Ottenklev, Niclas"]
[Result "1/2-1/2"]
[WhiteElo "2169"]
[BlackElo "2173"]
[PlyCount "70"]

1. d4 d5 2. c4 e6 3. e3 c6 4. Bd3 Nf6 5. Nf3 Nbd7 6. Nc3 dxc4 7. Bxc4 b5 8. Bd3
Bb7 9. O-O a6 10. e4 c5 11. d5 c4 12. dxe6 fxe6 13. Bc2 Qc7 14. e5 Nd5 15. Ng5
O-O-O 16. Nxe6 Nxc3 17. Nxc7 Nxd1 18. Ne6 Re8 19. Nxf8 Rhxf8 20. Rxd1 Nxe5 21.
h3 Nd3 22. Bxd3 cxd3 23. Be3 Be4 24. a4 Rf7 25. axb5 axb5 26. Ra5 Rb7 27. Ra8+
Kd7 28. Rxe8 Kxe8 29. f3 Bg6 30. b4 Kd7 31. Rc1 Bf7 32. Kf2 Bc4 33. Ke1 Rb8 34.
Ra1 Rb7 35. Kd2 Ke7 1/2-1/2

[Event "Superettan(Vaxjo-Schack 08)"]
[Site "?"]
[Date "2017.10.20"]
[Round "1"]
[White "Arvidsson, Tomas"]
[Black "Sevastianov, Andrii"]
[Result "1/2-1/2"]
[WhiteElo "2011"]
[BlackElo "2143"]
[PlyCount "56"]

1. e4 e5 2. Nf3 Nc6 3. Bb5 Nf6 4. d3 Bc5 5. O-O Nd4 6. Nxd4 Bxd4 7. c3 Bb6 8.
d4 c6 9. dxe5 Nxe4 10. Bd3 d5 11. exd6 Nxd6 12. Qh5 Be6 13. Bg5 Qd7 14. Re1 h6
15. Nd2 Bd8 16. Nf3 Bxg5 17. Nxg5 O-O-O 18. Nxe6 fxe6 19. Rad1 Rhf8 20. Bg6 Qe7
21. Rd2 Nb5 22. Rxd8+ Rxd8 23. Bf7 Nc7 24. Qg6 Rd7 25. Bg8 Rd8 26. Bf7 Rd7 27.
Bg8 Rd8 28. Bf7 Rd7 1/2-1/2

[Event "Superettan(Vaxjo-Schack 08)"]
[Site "?"]
[Date "2017.10.20"]
[Round "1"]
[White "Nereltjak, Nedzad"]
[Black "Nyander, Joakim"]
[Result "0-1"]
[WhiteElo "2094"]
[BlackElo "2155"]
[PlyCount "184"]

1. e4 c5 2. Nf3 e6 3. c4 a6 4. Nc3 Qc7 5. g3 b6 6. Bg2 Bb7 7. O-O d6 8. b3 Nf6
9. Re1 Nbd7 10. Bb2 Be7 11. Nd5 exd5 12. exd5 Kf8 13. Nh4 Re8 14. f4 h5 15. Qc2
Bc8 16. Re2 Bd8 17. Rxe8+ Nxe8 18. Re1 Ndf6 19. Qc3 Bd7 20. h3 Be7 21. Qe3 Qd8
22. Nf3 Ng8 23. Ng5 Bf6 24. d4 Bxd4 25. Bxd4 cxd4 26. Qxd4 Nef6 27. Kh2 Ne7 28.
b4 Bf5 29. c5 Nc8 30. c6 Ne8 31. a4 Qf6 32. Qe3 Nc7 33. Re2 g6 34. Qd2 Kg7 35.
Bf3 Ne7 36. Kg2 Rd8 37. g4 hxg4 38. hxg4 Bc8 39. Kg3 Rh8 40. Re1 Kf8 41. Rh1
Rxh1 42. Bxh1 Qa1 43. Bf3 Qg1+ 44. Bg2 Nexd5 45. Kf3 Ne6 46. Nh3 Qd4 47. Qxd4
Nxd4+ 48. Ke4 Nxc6 49. Kxd5 Nxb4+ 50. Kxd6 Bxg4 51. Nf2 Be6 52. Be4 Bc4 53. Nd1
f5 54. Bb1 Nd3 55. Ne3 b5 56. Nxc4 bxc4 57. Kd5 Nb2 58. a5 Ke7 59. Bc2 Kd7 60.
Kd4 Kd6 61. Kc3 Nd3 62. Kxc4 Nxf4 63. Ba4 Nd5 64. Kd4 Ne7 65. Bd1 Nc6+ 66. Ke3
Ke5 67. Be2 Nxa5 68. Bxa6 Nc6 69. Kf3 Nd4+ 70. Kg3 Ke4 71. Kh4 Kf4 72. Bb7 Ne2
73. Kh3 Ke3 74. Bc6 g5 75. Bd7 Kf4 76. Bc8 Nd4 77. Kg2 Nc6 78. Bb7 Nb4 79. Bc8
Nd3 80. Ba6 Ne5 81. Bb5 Ke3 82. Be8 Nc4 83. Bg6 f4 84. Bh5 Nd2 85. Be8 Nf3 86.
Bd7 Ne5 87. Bc8 g4 88. Bb7 g3 89. Bd5 Nd3 90. Bb7 Ne1+ 91. Kf1 f3 92. Kg1 Nd3
0-1

[Event "Superettan(Wasa-Burgsvik)"]
[Site "?"]
[Date "2017.10.20"]
[Round "1"]
[White "Krupenski, Juri"]
[Black "Shirov, Alexei"]
[Result "0-1"]
[WhiteElo "2400"]
[BlackElo "2630"]
[PlyCount "64"]
[EventDate "2017.??.??"]

1. d4 d5 2. c4 c6 3. cxd5 cxd5 4. Bf4 Nc6 5. Nc3 Nf6 6. e3 Bg4 7. Qb3 Na5 8.
Qa4+ Bd7 9. Bb5 e6 10. Bxd7+ Nxd7 11. e4 Nc6 12. Nf3 dxe4 13. Nxe4 Bb4+ 14. Nc3
Nb6 15. Qb5 Qd5 16. Qxd5 Nxd5 17. Bd2 Bxc3 18. Bxc3 f6 19. O-O Kd7 20. Bd2 g5
21. Be3 Ncb4 22. Bd2 Nc2 23. Rac1 Rac8 24. h3 h5 25. g4 hxg4 26. hxg4 Ncb4 27.
Bxb4 Nxb4 28. Nd2 Rh4 29. f3 Rch8 30. Ne4 Rh1+ 31. Kg2 R1h2+ 32. Kg1 Nd5 0-1

[Event "Superettan(Wasa-Burgsvik)"]
[Site "?"]
[Date "2017.10.20"]
[Round "1"]
[White "Grigorov, Grigor"]
[Black "Vovk, Ilja"]
[Result "1-0"]
[WhiteElo "2510"]
[BlackElo "2290"]
[PlyCount "105"]

1. d4 d5 2. Nf3 Nf6 3. c4 c6 4. Nbd2 a6 5. g3 Bf5 6. Nh4 Bg6 7. Bg2 e6 8. O-O
Be7 9. Nxg6 hxg6 10. e4 dxe4 11. Nxe4 Nxe4 12. Bxe4 Nd7 13. Bg2 O-O 14. d5 exd5
15. cxd5 c5 16. d6 Bf6 17. Be3 Rb8 18. Qd2 b6 19. Rac1 Ne5 20. h3 g5 21. b3 g4
22. Qd5 Qd7 23. hxg4 Nxg4 24. Bf4 Bd4 25. Rce1 Nf6 26. Qc6 Qxc6 27. Bxc6 Rbd8
28. Re7 g5 29. Bxg5 Rxd6 30. Bf3 Re6 31. Ra7 a5 32. Kg2 Ne4 33. Bf4 Nc3 34. a4
Rfe8 35. Rb7 R8e7 36. Bc7 Kg7 37. Rh1 f5 38. Rxb6 c4 39. Rxe6 Rxe6 40. bxc4 Bb6
41. Bd5 Bxc7 42. Bxe6 Nxa4 43. Bxf5 Kf6 44. Bc2 Nc3 45. f4 Bd6 46. Rh6+ Ke7 47.
Rh7+ Kd8 48. Ra7 Bb4 49. Kf3 Kc8 50. g4 Kb8 51. Rh7 a4 52. g5 a3 53. g6 1-0

[Event "Superettan(Wasa-Burgsvik)"]
[Site "?"]
[Date "2017.10.20"]
[Round "1"]
[White "Andersson, Tommy"]
[Black "Cramling, Pia"]
[Result "1-0"]
[WhiteElo "2404"]
[BlackElo "2453"]
[PlyCount "83"]

1. d4 Nf6 2. c4 e6 3. Nf3 d5 4. Nc3 dxc4 5. e3 a6 6. a4 b6 7. Bxc4 Bb7 8. O-O
Bb4 9. Qe2 O-O 10. Rd1 Qe7 11. Ne5 Nbd7 12. Nd3 Bd6 13. e4 e5 14. d5 h6 15. Ne1
Kh7 16. Nc2 Ng8 17. Rd3 Bc8 18. Rg3 g6 19. Bd2 Ndf6 20. Re1 Nh5 21. Rd3 f5 22.
exf5 Bxf5 23. Ne4 Ngf6 24. Nxf6+ Nxf6 25. Nd4 Bxd3 26. Qxd3 Ng4 27. Qh3 Rxf2
28. Bc1 h5 29. Bd3 e4 30. Rxe4 Bxh2+ 31. Qxh2 Rf1+ 32. Bxf1 Qxe4 33. Qxc7+ Kg8
34. Ne6 Qe5 35. Qxe5 Nxe5 36. Bf4 Nd7 37. Bd3 Kf7 38. Nc7 Rh8 39. Bxa6 Kf6 40.
Bb5 Ne5 41. d6 Rd8 42. Bg5+ 1-0

[Event "Superettan(Wasa-Burgsvik)"]
[Site "?"]
[Date "2017.10.20"]
[Round "1"]
[White "Wedberg, Tom"]
[Black "Larsson, Victor"]
[Result "1-0"]
[WhiteElo "2458"]
[BlackElo "2178"]
[PlyCount "107"]

1. e4 c5 2. Nf3 Nc6 3. d4 cxd4 4. Nxd4 g6 5. c4 Nf6 6. Nc3 d6 7. Be2 Nxd4 8.
Qxd4 Bg7 9. Bg5 O-O 10. Qe3 Be6 11. O-O Rc8 12. b3 a6 13. Rac1 Qa5 14. a4 Rfe8
15. Rc2 Nd7 16. Nd5 Bxd5 17. exd5 Qc5 18. Qd2 Qd4 19. Qc1 Qb6 20. Qa3 a5 21.
Bg4 f5 22. Be2 Bd4 23. Bd2 Bc5 24. Qb2 Bd4 25. Bc3 Bxc3 26. Rxc3 Nc5 27. Qc2
Rf8 28. Bf3 Rf7 29. Re3 Nd7 30. Rfe1 Re8 31. Qc3 Ne5 32. Bd1 Qb4 33. Qd4 f4 34.
Rxe5 dxe5 35. Rxe5 Rf5 36. Re4 h5 37. h4 Rd8 38. Bc2 Rf6 39. Re5 b6 40. Qe4 Re8
41. Re6 Ref8 42. Rxe7 Qd2 43. Re5 Qc1+ 44. Kh2 Qd2 45. Rg5 R8f7 46. Rxg6+ Kf8
47. Rxf6 Rxf6 48. Qe5 Rf7 49. d6 Kg8 50. Bg6 Qxf2 51. Bxf7+ Kxf7 52. Qf5+ Kg7
53. Qg5+ Kf7 54. d7 1-0

[Event "Superettan(Wasa-Burgsvik)"]
[Site "?"]
[Date "2017.10.20"]
[Round "1"]
[White "Linusson, Pelle"]
[Black "Bellon Lopez, Juan"]
[Result "0-1"]
[WhiteElo "2238"]
[BlackElo "2309"]
[PlyCount "68"]

1. Nf3 c5 2. c4 Nc6 3. Nc3 Nd4 4. e3 Nxf3+ 5. Qxf3 g6 6. g3 d6 7. Bg2 Rb8 8.
O-O Bg7 9. d3 Nh6 10. h3 Nf5 11. Bd2 O-O 12. Rab1 b6 13. Qe2 Bb7 14. Rfd1 Bxg2
15. Kxg2 e6 16. b4 Ne7 17. Ne4 h6 18. Bc3 e5 19. Qb2 d5 20. cxd5 Qxd5 21. Kg1
c4 22. Nd2 cxd3 23. e4 Qe6 24. Nf3 f5 25. Bxe5 fxe4 26. Bxg7 Rxf3 27. Qe5 Qxe5
28. Bxe5 Rc8 29. Rb2 Rc4 30. Bf4 g5 31. Bd2 Nf5 32. Kg2 Nd4 33. Be3 Nc2 34.
Rxd3 Ne1+ 0-1

[Event "Superettan(Wasa-Burgsvik)"]
[Site "?"]
[Date "2017.10.20"]
[Round "1"]
[White "Moreau, Teodor"]
[Black "Nygren, Kim"]
[Result "1-0"]
[WhiteElo "2316"]
[BlackElo "2154"]
[PlyCount "83"]

1. d4 Nf6 2. c4 e6 3. Nf3 c5 4. d5 b5 5. Bg5 exd5 6. cxd5 h6 7. Bxf6 Qxf6 8.
Qc2 Bb7 9. e4 c4 10. Nc3 Na6 11. Nxb5 Bb4+ 12. Nc3 O-O 13. Be2 Rfe8 14. O-O
Rac8 15. e5 Qe7 16. Rad1 g5 17. h3 d6 18. Ne4 dxe5 19. d6 Bxe4 20. Qxe4 Bxd6
21. Bxc4 Rxc4 22. Qxc4 Nc7 23. Rfe1 Kg7 24. Qc6 Rd8 25. Nxe5 Bxe5 26. Rxd8 Qxd8
27. Rxe5 Qd1+ 28. Kh2 Ne6 29. Qc3 Qd6 30. Kg1 Kg8 31. Re1 Qd5 32. a3 h5 33. Qe5
Qd2 34. b4 Kf8 35. Qe3 Qd7 36. g3 Kg8 37. Qf3 g4 38. hxg4 Ng5 39. Qf5 Qd2 40.
Re3 Qc1+ 41. Kh2 Nh3 42. gxh5 1-0

[Event "Superettan(Wasa-Burgsvik)"]
[Site "?"]
[Date "2017.10.20"]
[Round "1"]
[White "Andersson, Bjorn"]
[Black "Collett, Peter"]
[Result "0-1"]
[WhiteElo "2178"]
[BlackElo "2186"]
[PlyCount "82"]

1. e4 e5 2. Nf3 Nc6 3. Bb5 a6 4. Ba4 Nf6 5. Qe2 Be7 6. c3 b5 7. Bb3 O-O 8. d3
d6 9. O-O Na5 10. Bc2 c5 11. Rd1 Qc7 12. Nbd2 Nc6 13. Nf1 d5 14. Bg5 d4 15. Ng3
h6 16. Bd2 Kh7 17. cxd4 cxd4 18. Rac1 Be6 19. Nf5 Ng8 20. Bb3 Bxb3 21. axb3
Rfc8 22. h4 g6 23. Ng3 Qd7 24. h5 Qe6 25. hxg6+ fxg6 26. Kh2 Qxb3 27. Rxc6 Rxc6
28. Nxe5 Rf6 29. Rc1 Qe6 30. f4 Bd6 31. Ng4 Rff8 32. e5 Be7 33. Rc7 Rac8 34.
Rb7 Rf7 35. Ne4 Bf8 36. Nef6+ Nxf6 37. Nxf6+ Kg7 38. Qe4 Rcc7 39. Rb8 Rxf6 40.
exf6+ Qxf6 41. Ba5 Qh4+ 0-1

[Event "Superettan(Wasa-Burgsvik)"]
[Site "?"]
[Date "2017.10.20"]
[Round "1"]
[White "Astrom, Goran"]
[Black "Packalen, Marcus"]
[Result "1-0"]
[WhiteElo "2261"]
[BlackElo "2148"]
[PlyCount "175"]

1. e4 b6 2. d4 Bb7 3. Bd3 e6 4. Nf3 Nf6 5. Qe2 c5 6. c3 cxd4 7. cxd4 Nc6 8. a3
d5 9. e5 Ne4 10. Nbd2 Nxd2 11. Bxd2 Be7 12. b4 a6 13. h4 b5 14. h5 Qb6 15. Bc3
Rc8 16. O-O g5 17. g4 h6 18. Rfc1 Kd7 19. Nd2 Na7 20. Nb3 Rc4 21. f3 Rhc8 22.
Bxc4 dxc4 23. Nc5+ Bxc5 24. dxc5 Qc7 25. Rd1+ Bd5 26. Kg2 Nc6 27. Rf1 f5 28.
exf6 Qf4 29. Kh3 Nd4 30. Bxd4 Qxd4 31. Rae1 Qxf6 32. Qe5 Qxe5 33. Rxe5 Rf8 34.
f4 gxf4 35. g5 hxg5 36. Kg4 f3 37. Kxg5 f2 38. Re2 Rf5+ 39. Kh6 Rxh5+ 40. Kxh5
Bf3+ 41. Kg5 Bxe2 42. Rxf2 Bd3 43. Kf4 Kc6 44. Rd2 Bf5 45. Ke5 c3 46. Rd6+ Kc7
47. Rd1 c2 48. Rc1 Kc6 49. Kd4 Bg6 50. Kc3 a5 51. Rxc2 axb4+ 52. axb4 Bxc2 53.
Kxc2 Kd5 54. Kd3 e5 55. Ke3 e4 56. Kf4 Kd4 57. c6 e3 58. c7 e2 59. c8=Q e1=Q
60. Qc5+ Kd3 61. Qxb5+ Kc3 62. Qc5+ Kb3 63. b5 Qh4+ 64. Ke5 Qh8+ 65. Kd5 Qg8+
66. Kc6 Qc8+ 67. Kb6 Qb8+ 68. Ka6 Qa8+ 69. Qa7 Qc8+ 70. Qb7 Qe6+ 71. b6 Kb4 72.
Ka7 Qe3 73. Qd5 Ka3 74. Ka6 Qe2+ 75. Kb7 Kb2 76. Qd4+ Kb1 77. Qb4+ Ka1 78. Qa5+
Kb1 79. Ka7 Qe3 80. Qb5+ Ka1 81. Kb8 Qg3+ 82. Ka8 Qg8+ 83. Ka7 Qg1 84. Qa5+ Kb1
85. Qf5+ Kb2 86. Ka6 Qh1 87. b7 Qc6+ 88. Ka7 1-0

[Event "Superettan(Rockaden,Umea-Vaxjo)"]
[Site "?"]
[Date "2017.10.21"]
[Round "2"]
[White "Lindberg, Bengt"]
[Black "Malmstig, Erik"]
[Result "0-1"]
[WhiteElo "2386"]
[BlackElo "2290"]
[PlyCount "118"]

1. e4 c5 2. Nf3 d6 3. d4 cxd4 4. Nxd4 Nf6 5. Nc3 a6 6. Be3 e6 7. Be2 Nc6 8. O-O
Be7 9. f4 Qc7 10. a4 O-O 11. Kh1 Re8 12. Bg1 Bf8 13. Nb3 b6 14. Bd3 Bb7 15. Qe1
Rab8 16. Qh4 h6 17. Rae1 Nd7 18. Re3 Qd8 19. Qh3 Nb4 20. Rg3 Kh8 21. e5 Nxd3
22. cxd3 f5 23. exd6 Bxd6 24. Bd4 e5 25. fxe5 Bxe5 26. Bxe5 Rxe5 27. d4 Re8 28.
Qxf5 Rf8 29. Qd3 Qh4 30. Rg1 Rf6 31. h3 Rbf8 32. Rg4 Qh5 33. Qg3 Rf3 34. gxf3
Rxf3 35. Kh2 Rxg3 36. R1xg3 g5 37. d5 Qf7 38. Re4 Nf6 39. Rf3 Qc7+ 40. Kg1 Nxe4
41. Nxe4 Bxd5 42. Nbd2 Qc1+ 43. Kf2 Qxb2 44. Ke3 Kg7 45. Rf2 b5 46. axb5 Qxb5
47. Kd4 Be6 48. h4 g4 49. Rf6 Qb2+ 50. Ke3 Qxf6 51. Nxf6 Kxf6 52. Ne4+ Ke5 53.
Nc5 a5 54. Nd3+ Kf5 55. Nc5 Bd5 56. Kf2 Bc6 57. Nb3 Kf4 58. Nxa5 Bd5 59. h5 g3+
0-1

[Event "Superettan(Rockaden,Umea-Vaxjo)"]
[Site "?"]
[Date "2017.10.21"]
[Round "2"]
[White "Wickstrom, Lucas"]
[Black "Solodovnichenko, Yuri"]
[Result "0-1"]
[WhiteElo "2372"]
[BlackElo "2563"]
[PlyCount "74"]

1. d4 Nf6 2. c4 e6 3. Nf3 d5 4. Bg5 dxc4 5. a4 c5 6. Nc3 cxd4 7. Qxd4 Qxd4 8.
Nxd4 Bb4 9. Bd2 e5 10. Nc2 Bxc3 11. Bxc3 Nc6 12. Na3 Ne4 13. Rc1 Nxc3 14. Rxc3
Na5 15. e4 Bd7 16. Nxc4 Nxc4 17. Bxc4 Bxa4 18. Bd5 Kd7 19. Bxb7 Rab8 20. Bd5
Rhc8 21. O-O Rxc3 22. bxc3 Bc2 23. f3 a5 24. Kf2 Rb1 25. Rxb1 Bxb1 26. Ke3 f6
27. Kd2 Kd6 28. Bb3 Kc5 29. Ba4 Ba2 30. g3 g5 31. h4 Bc4 32. Bd1 Bf1 33. Ke1
Bb5 34. Kd2 a4 35. Kc2 a3 36. Kb1 gxh4 37. gxh4 Bd3+ 0-1

[Event "Superettan(Rockaden,Umea-Vaxjo)"]
[Site "?"]
[Date "2017.10.21"]
[Round "2"]
[White "Rydstrom, Tom"]
[Black "Lindgren, Mats"]
[Result "1-0"]
[WhiteElo "2280"]
[BlackElo "2212"]
[PlyCount "69"]

1. e4 e6 2. d4 d5 3. Nc3 Bb4 4. e5 c5 5. a3 Bxc3+ 6. bxc3 Ne7 7. Qg4 cxd4 8.
Qxg7 Rg8 9. Qxh7 Qc7 10. Ne2 Nbc6 11. f4 dxc3 12. h4 d4 13. h5 Bd7 14. Qd3
O-O-O 15. h6 Rg6 16. h7 Rh8 17. Nxd4 Nxd4 18. Qxd4 Nf5 19. Qxa7 Rg3 20. Bd3 Bc6
21. Bxf5 exf5 22. Be3 Bxg2 23. Bb6 Bxh1 24. Bxc7 Kxc7 25. O-O-O Bc6 26. e6 Rxh7
27. Qd4 Rg8 28. Qe5+ Kb6 29. e7 Re8 30. Qxc3 f6 31. Qb4+ Ka6 32. a4 Rhxe7 33.
a5 Ka7 34. Qb6+ Ka8 35. Rd8+ 1-0

[Event "Superettan(Rockaden,Umea-Vaxjo)"]
[Site "?"]
[Date "2017.10.21"]
[Round "2"]
[White "Sevastianov, Andrii"]
[Black "Nygren, David"]
[Result "0-1"]
[WhiteElo "2143"]
[BlackElo "2221"]
[PlyCount "76"]

1. c4 Nf6 2. g3 e6 3. Bg2 d5 4. Nf3 Be7 5. O-O O-O 6. b3 b6 7. Bb2 Bb7 8. e3
Nbd7 9. Nc3 c5 10. cxd5 Nxd5 11. Nxd5 Bxd5 12. Rc1 Rc8 13. d4 c4 14. Qe2 b5 15.
e4 Bb7 16. Rfd1 Qa5 17. bxc4 bxc4 18. Bc3 Qa4 19. d5 exd5 20. exd5 Ba3 21. Rb1
Ba6 22. Bh3 Rce8 23. Qd2 Bc5 24. Bf5 h6 25. Re1 Bc8 26. Nh4 Qa6 27. Bc2 Rxe1+
28. Rxe1 Nf6 29. Bb1 Ng4 30. Re2 Qb6 31. Qc2 f5 32. Be1 Qd6 33. Qd2 g5 34. Ng2
Ne5 35. Qc2 Nf3+ 36. Kh1 Qxd5 37. Bc3 Bb7 38. Ba1 Nd4 0-1

[Event "Superettan(Rockaden,Umea-Vaxjo)"]
[Site "?"]
[Date "2017.10.21"]
[Round "2"]
[White "Eriksson, Jorgen"]
[Black "Lindahl, Emil"]
[Result "1/2-1/2"]
[WhiteElo "2191"]
[BlackElo "2169"]
[PlyCount "114"]

1. b3 d5 2. Bb2 Nf6 3. e3 Bf5 4. Nf3 e6 5. Be2 Bd6 6. d3 Nbd7 7. Nh4 Bg6 8. Nd2
c6 9. g3 a5 10. a4 Qe7 11. O-O O-O 12. Nxg6 hxg6 13. Bf3 Rfe8 14. Bg2 Rad8 15.
d4 e5 16. dxe5 Bxe5 17. Qc1 Nc5 18. Nf3 Bxb2 19. Qxb2 Nce4 20. Qd4 Ng4 21. Rae1
g5 22. h3 Ngf6 23. Nh2 Qe6 24. Rd1 Rd7 25. Rfe1 Nd6 26. Qd2 b6 27. Qd4 Nc8 28.
Ng4 Ne4 29. Bxe4 Qxe4 30. Qxe4 Rxe4 31. Rd4 Rde7 32. Red1 f5 33. Nh2 Kf7 34.
Nf3 Kf6 35. R4d3 Rc7 36. Nd2 Re6 37. c4 Ne7 38. Rc1 dxc4 39. Nxc4 Nd5 40. Rcd1
Rce7 41. Nd2 Rb7 42. Kg2 Nb4 43. Rd4 b5 44. Nf3 Nd5 45. axb5 Rxb5 46. R4d3 Nb4
47. Rd8 c5 48. g4 fxg4 49. hxg4 Nc6 50. R8d3 Ne5 51. Nxe5 Rxe5 52. Rd6+ Re6 53.
R6d5 Re5 54. Rd6+ Re6 55. R6d5 Re5 56. Rd8 Re6 57. R8d5 Re5 1/2-1/2

[Event "Superettan(Rockaden,Umea-Vaxjo)"]
[Site "?"]
[Date "2017.10.21"]
[Round "2"]
[White "Lekander, Rolf"]
[Black "Mardell, Jimmy"]
[Result "1/2-1/2"]
[WhiteElo "2166"]
[BlackElo "2130"]
[PlyCount "51"]

1. c4 e5 2. g3 Nf6 3. Bg2 d5 4. cxd5 Nxd5 5. Nc3 Nb6 6. d3 Be7 7. Be3 O-O 8.
Rc1 Re8 9. Nf3 Nc6 10. O-O Be6 11. Nd2 Nd5 12. Nxd5 Bxd5 13. Bxd5 Qxd5 14. Qb3
Qxb3 15. Nxb3 Rad8 16. Rc4 Rd7 17. Rfc1 Rc8 18. h4 a6 19. Bc5 Nd8 20. Bxe7 Rxe7
21. Nc5 c6 22. b4 Ne6 23. a4 Rd8 24. Kf1 Kf8 25. Rb1 Rd5 26. Nxe6+ 1/2-1/2

[Event "Superettan(Rockaden,Umea-Vaxjo)"]
[Site "?"]
[Date "2017.10.21"]
[Round "2"]
[White "Larsson, Johan"]
[Black "Nereltjak, Nedzad"]
[Result "1-0"]
[WhiteElo "2184"]
[BlackElo "2094"]
[PlyCount "107"]

1. d4 Nf6 2. Bg5 Ne4 3. Bf4 d5 4. e3 Nd7 5. Bd3 Ndf6 6. Ne2 h6 7. c4 e6 8. f3
Ng5 9. Nbc3 c6 10. h4 Ngh7 11. g4 Bd6 12. g5 Nh5 13. Bxd6 Qxd6 14. f4 g6 15.
Qc2 Nf8 16. O-O-O Bd7 17. Kb1 O-O-O 18. Ka1 Kb8 19. c5 Qc7 20. b4 a6 21. a4 Ng7
22. Ng3 Nf5 23. Nxf5 exf5 24. Rb1 Re8 25. Qd2 Ne6 26. Na2 hxg5 27. hxg5 Qd8 28.
Rxh8 Rxh8 29. b5 cxb5 30. axb5 axb5 31. Bxb5 Bxb5 32. Rxb5 Rh1+ 33. Rb1 Rxb1+
34. Kxb1 Qd7 35. Qb4 Nc7 36. Nc3 Qe6 37. Kc2 Kc8 38. Kd2 Qc6 39. Qb3 Kd7 40.
Na4 Ke6 41. Nc3 Kd7 42. Qb1 Ke6 43. Qh1 Qe8 44. Qa1 Qd7 45. Qa7 Qc6 46. Qb8 Ke7
47. Qxc7+ Qxc7 48. Nxd5+ Kd7 49. Nxc7 Kxc7 50. Kd3 b6 51. Kc4 bxc5 52. Kxc5 Kd7
53. Kd5 Ke7 54. Kc6 1-0

[Event "Superettan(Burgsvik-Manhem)"]
[Site "?"]
[Date "2017.10.21"]
[Round "2"]
[White "Welin, Mats"]
[Black "Krupenski, Juri"]
[Result "0-1"]
[WhiteElo "2335"]
[BlackElo "2400"]
[PlyCount "60"]

1. e4 c6 2. d4 d5 3. Nd2 dxe4 4. Nxe4 Bf5 5. Ng3 Bg6 6. h4 h6 7. Nf3 Nd7 8. h5
Bh7 9. Bd3 Bxd3 10. Qxd3 e6 11. Bd2 Ngf6 12. O-O-O Bd6 13. Ne4 Nxe4 14. Qxe4
Nf6 15. Qe2 Bc7 16. c4 b5 17. Kb1 bxc4 18. Qxc4 O-O 19. Ka1 Rb8 20. Qxc6 Nd5
21. Qa6 Qd7 22. Rc1 Rb6 23. Qc4 Rfb8 24. Rc2 Bd6 25. Ne5 Bxe5 26. dxe5 Qb7 27.
Rb1 Ra6 28. f4 Ne7 29. Qc7 Rxa2+ 30. Kxa2 Qb3+ 0-1

[Event "Superettan(Burgsvik-Manhem)"]
[Site "?"]
[Date "2017.10.21"]
[Round "2"]
[White "Andersson, Tommy"]
[Black "Al Hadarani, Hatim"]
[Result "0-1"]
[WhiteElo "2404"]
[BlackElo "2285"]
[PlyCount "96"]

1. d4 Nf6 2. c4 c5 3. d5 e5 4. Nc3 d6 5. e4 Be7 6. g3 O-O 7. Bg2 h6 8. Nge2 Nh7
9. h4 f5 10. exf5 Bxf5 11. Be3 Nf6 12. f3 Na6 13. a3 Nc7 14. Qd2 a6 15. g4 Bh7
16. Ng3 b5 17. g5 Nfe8 18. b3 Rb8 19. Nce4 bxc4 20. bxc4 Rb3 21. O-O Qb8 22.
Ra2 Na8 23. Rc1 Nb6 24. Kh2 Na4 25. Qe2 Bd8 26. Bh3 Kh8 27. Rcc2 Ba5 28. Rc1
Nc3 29. Nxc3 Bxc3 30. Bg4 Bb1 31. Rac2 Bxc2 32. Rxc2 Bd4 33. Bc1 hxg5 34. Bxg5
Nf6 35. Bf5 Qe8 36. Bd3 Rxa3 37. Rd2 Ra1 38. Bc2 e4 39. Bxe4 Nxe4 40. Nxe4 Qe5+
41. Ng3 Qxe2+ 42. Nxe2 Rxf3 43. Nxd4 cxd4 44. Be7 Rc1 45. Bxd6 Rxc4 46. Be5 d3
47. d6 Rc2 48. Kg2 Rf7 0-1

[Event "Superettan(Burgsvik-Manhem)"]
[Site "?"]
[Date "2017.10.21"]
[Round "2"]
[White "Akesson, Joel"]
[Black "Vovk, Ilja"]
[Result "1/2-1/2"]
[WhiteElo "2296"]
[BlackElo "2290"]
[PlyCount "39"]

1. c4 c6 2. Nf3 d5 3. d4 Nf6 4. e3 a6 5. Bd3 Bg4 6. Nbd2 e6 7. O-O Nbd7 8. b3
Bd6 9. Bb2 O-O 10. Qc2 Qb8 11. h3 Bh5 12. Ng5 Bg6 13. Bxg6 hxg6 14. e4 Bh2+ 15.
Kh1 Bf4 16. Ngf3 dxe4 17. Nxe4 Nxe4 18. Qxe4 Nf6 19. Qe2 b5 20. Ne5 1/2-1/2

[Event "Superettan(Burgsvik-Manhem)"]
[Site "?"]
[Date "2017.10.21"]
[Round "2"]
[White "Linusson, Pelle"]
[Black "Fendrich, David"]
[Result "0-1"]
[WhiteElo "2238"]
[BlackElo "2207"]
[PlyCount "123"]

1. Nf3 d6 2. d4 g6 3. g3 Bg7 4. Bg2 e5 5. dxe5 dxe5 6. Qxd8+ Kxd8 7. Nc3 c6 8.
Be3 f6 9. O-O-O+ Kc7 10. Bc5 Be6 11. Bd6+ Kc8 12. Ba3 Nh6 13. Ne4 Nd7 14. h3
Nf7 15. Rhe1 Bf8 16. Bxf8 Rxf8 17. Nd6+ Kc7 18. Nxf7 Rxf7 19. h4 b5 20. Nd2 f5
21. Bh3 Nc5 22. Nf3 Ne4 23. Rf1 Re7 24. Nxe5 Bxa2 25. Nd3 Bc4 26. Bg2 a5 27.
Bxe4 Rxe4 28. Rfe1 a4 29. Kb1 Rd8 30. Kc1 h6 31. e3 Ree8 32. f4 Bxd3 33. Rxd3
c5 34. Rxd8 Kxd8 35. Kd2 Kc7 36. h5 Rg8 37. hxg6 Rxg6 38. Rh1 Kd6 39. Rh5 Rf6
40. Kd3 b4 41. Kc4 a3 42. bxa3 bxa3 43. Kb3 Kd5 44. Kxa3 Ke4 45. Kb3 Kxe3 46.
Kc4 Kf3 47. Kd5 Kg4 48. Rh1 h5 49. Rg1 Ra6 50. Rh1 Rh6 51. Ke5 Kxg3 52. Kxf5 h4
53. Kg5 Rh8 54. f5 h3 55. f6 Kg2 56. Rd1 h2 57. f7 h1=Q 58. Rxh1 Kxh1 59. Kf6
Kg2 60. Kg7 Ra8 61. f8=Q Rxf8 62. Kxf8 0-1

[Event "Superettan(Burgsvik-Manhem)"]
[Site "?"]
[Date "2017.10.21"]
[Round "2"]
[White "Storme, Isak"]
[Black "Larsson, Victor"]
[Result "0-1"]
[WhiteElo "2149"]
[BlackElo "2178"]
[PlyCount "60"]

1. e4 c5 2. Nf3 Nc6 3. d4 cxd4 4. Nxd4 g6 5. c4 Nf6 6. Nc3 d6 7. Be2 Nxd4 8.
Qxd4 Bg7 9. Be3 O-O 10. Qd2 a5 11. O-O a4 12. f3 Qa5 13. Rfd1 a3 14. b4 Qxb4
15. Rab1 Qa5 16. Bb6 Qh5 17. Rb5 e5 18. Qxd6 Ra6 19. Ra5 Rxa5 20. Bxa5 Qg5 21.
Qxa3 Bh3 22. Bf1 Ra8 23. Nd5 Nxd5 24. Rxd5 Be6 25. Rb5 b6 26. Rxb6 Bf8 27. Qc3
Bc5+ 28. Kh1 Rxa5 29. Rxe6 fxe6 30. Qxa5 Qe3 0-1

[Event "Superettan(Burgsvik-Manhem)"]
[Site "?"]
[Date "2017.10.21"]
[Round "2"]
[White "Nygren, Kim"]
[Black "Berggren Torell, Harald"]
[Result "1-0"]
[WhiteElo "2154"]
[BlackElo "2098"]
[PlyCount "61"]

1. e4 d6 2. d4 g6 3. Nc3 Nf6 4. f4 Bg7 5. Nf3 O-O 6. Bd3 Na6 7. O-O c5 8. d5
Rb8 9. Qe1 Nb4 10. Qh4 Nxd3 11. cxd3 Nd7 12. f5 Ne5 13. Nxe5 dxe5 14. Rf3 Bf6
15. Bg5 Bxg5 16. Qxg5 f6 17. Qh6 g5 18. h4 gxh4 19. Qxh4 Rf7 20. Raf1 Kh8 21.
Rh3 b5 22. Rff3 b4 23. Nd1 Ba6 24. Nf2 Qb6 25. Qh5 Rbf8 26. Rfg3 Qd8 27. Rg6
Rg8 28. Ng4 Rfg7 29. Rh6 Qc8 30. Rxh7+ Rxh7 31. Qxh7# 1-0

[Event "Superettan(Burgsvik-Manhem)"]
[Site "?"]
[Date "2017.10.21"]
[Round "2"]
[White "Bengtsson, Jonas"]
[Black "Akerman, Axel"]
[Result "1/2-1/2"]
[WhiteElo "2096"]
[BlackElo "2133"]
[PlyCount "62"]

1. d4 d5 2. c4 c6 3. Nf3 Nf6 4. Nc3 a6 5. Ne5 Nbd7 6. Bf4 g6 7. e3 Bg7 8. Be2
O-O 9. O-O dxc4 10. Nxc4 Nd5 11. Nxd5 cxd5 12. Nd2 Nb8 13. Qb3 Nc6 14. Nf3 Kh8
15. Rac1 f6 16. Rfd1 Ra7 17. h3 Be6 18. Bg3 Bg8 19. Qa4 Re8 20. Rc5 e5 21. dxe5
fxe5 22. e4 Qe7 23. Rdc1 dxe4 24. Qxe4 Bxa2 25. b4 Be6 26. b5 axb5 27. Bxb5 Ra5
28. Nxe5 Ra1 29. Rxa1 Qxc5 30. Bxc6 bxc6 31. Re1 Bxe5 1/2-1/2